| 000 | 00000nam##2200000za#4500 |
| 001 | 9.700387 |
| 003 | CaOODSP |
| 005 | 20250506145324 |
| 007 | cr ||||||||||| |
| 008 | 150407|1968||||xxc|||||o f|0| 0 eng|d |
| 040 | |aCaOODSP|beng |
| 043 | |an-cn--- |
| 086 | 1 |aA53-1286/1968E-PDF |
| 110 | 1 |aCanada.|bAgriculture Canada. |
| 245 | 10|aOrnamental shrubs for Canada / |h[electronic resource]|c[by] Lawrence C. Sherk and Arthur R. Buckley. |
| 250 | |aReprinted 1969 |
| 260 | |aOttawa - Ontario : |bAgriculture Canada |cc1968. |
| 300 | |a204p.|bcoloured illus., references |
| 500 | |aHistorical publication digitized by Agriculture and Agri-Food Canada. |
| 590 | |a15-03-Supp|b2015-03-13 |
| 690 | 07|aPlant diseases|2gcpds |
| 720 | 1 |aBuckley, Arthur R. |
| 720 | 1 |aSherk, Lawrence C. |
| 775 | 08|tArbustes ornementaux pour le Canada / |w(CaOODSP)9.644282 |
| 856 | 40|ahttp://publications.gc.ca|qPDF|s21,640 KB|uhttps://publications.gc.ca/collections/collection_2015/aac-aafc/A53-1286-1968-eng.pdf |
| 986 | |aPublication 1286 |